| 000 | nam a22 7a 4500 | ||
|---|---|---|---|
| 999 |
_c233474 _d233474 |
||
| 003 | Nust | ||
| 005 | 20170308104950.0 | ||
| 008 | 170308b xxu||||| |||| 00| 0 eng d | ||
| 040 | _cDLC | ||
| 082 | _a572.86 MOH | ||
| 245 |
_aAn Essence of Biotechnology / _cMohan,S.M. |
||
| 260 |
_aDelhi: _bKalpaz Publications, _c 2005 |
||
| 300 |
_a296p. : _c25cm |
||
| 942 |
_2ddc _cBK |
||